<?xml version="1.0" encoding="UTF-8"?><?xml-stylesheet type="text/xsl" href="static/style.xsl"?><OAI-PMH xmlns="http://www.openarchives.org/OAI/2.0/" xmlns:xsi="http://www.w3.org/2001/XMLSchema-instance" xsi:schemaLocation="http://www.openarchives.org/OAI/2.0/ http://www.openarchives.org/OAI/2.0/OAI-PMH.xsd"><responseDate>2026-04-13T01:04:16Z</responseDate><request verb="GetRecord" identifier="oai:www.recercat.cat:2117/446208" metadataPrefix="marc">https://recercat.cat/oai/request</request><GetRecord><record><header><identifier>oai:recercat.cat:2117/446208</identifier><datestamp>2026-01-19T04:57:48Z</datestamp><setSpec>com_2072_1033</setSpec><setSpec>col_2072_452951</setSpec></header><metadata><record xmlns="http://www.loc.gov/MARC21/slim" xmlns:dcterms="http://purl.org/dc/terms/" xmlns:xsi="http://www.w3.org/2001/XMLSchema-instance" xmlns:doc="http://www.lyncode.com/xoai" xsi:schemaLocation="http://www.loc.gov/MARC21/slim http://www.loc.gov/standards/marcxml/schema/MARC21slim.xsd">
   <leader>00925njm 22002777a 4500</leader>
   <datafield ind2=" " ind1=" " tag="042">
      <subfield code="a">dc</subfield>
   </datafield>
   <datafield ind2=" " ind1=" " tag="720">
      <subfield code="a">Moll Pons, Caterina</subfield>
      <subfield code="e">author</subfield>
   </datafield>
   <datafield ind2=" " ind1=" " tag="260">
      <subfield code="c">2025-07-01</subfield>
   </datafield>
   <datafield ind2=" " ind1=" " tag="520">
      <subfield code="a">Aquest projecte s'emmarca en el grau d'Enginyeria Informàtica de la Facultat d'Informàtica de Barcelona (FIB). Neix de la voluntat de l'Institut Municipal d'Informàtica (IMI) d'impulsar una gestió de projectes més flexible i orientada al valor sense perdre el rigor i la traçabilitat propis de l'administració pública. Després d'analitzar críticament les metodologies, marcs de treball i frameworks existents, s'ha dissenyat un nou Marc Híbrid@IMI que fusiona els seus punts forts amb les millors pràctiques internacionals. Com a part pràctica, s'ha implementat Nura Bot, un xatbot web alimentat per IA generativa que respon consultes sobre la gestió de projectes a partir de les guies i documents que es poden actualitzar. L'eina incorpora diferents rols per restringir funcionalitats claus com la creació de projectes o la gestió d'usuaris i emmagatzema les interaccions amb context. Nura Bot té l'objectiu de facilitar l'adopció del nou marc definit. El document inclou també una planificació temporal detallada amb cronograma i fites, un pressupost desglossat amb justificació de costos directes i indirectes, l'anàlisi de les desviacions ocorregudes durant el desenvolupament, el disseny conceptual i l'arquitectura lògica tant del xatbot com de la infraestructura, així com la gestió de riscos, la garantia de qualitat i el compliment normatiu.</subfield>
   </datafield>
   <datafield ind2=" " ind1=" " tag="520">
      <subfield code="a">This project forms part of the Bachelor's Degree in Computer Engineering at the Barcelona School of Informatics (FIB). It originates from the Institut Municipal d'Informàtica's (IMI) ambition to foster more flexible, value-oriented project management while maintaining the rigour and traceability required in the public sector. After critically appraising existing methodologies, frameworks and best-practice guides, the team designed a new hybrid framework, Híbrid@IMI, that blends their strengths with leading international standards. As a practical deliverable, Nura Bot was implemented-a web-based chatbot powered by generative AI that answers project-management queries using updatable guides and documents. The tool enforces role-based access, restricting sensitive functions such as project creation or user administration, and it stores interactions together with their context to enhance answer relevance. Nura Bot is intended to streamline adoption of the newly defined framework. The report also presents a detailed timeline with milestones, an itemised budget justifying direct and indirect costs, an analysis of deviations encountered during development, the conceptual design and logical architecture of both the chatbot and its underlying infrastructure, plus chapters on risk management, quality assurance and regulatory compliance.</subfield>
   </datafield>
   <datafield ind2=" " ind1=" " tag="520">
      <subfield code="a">Este proyecto se enmarca en el grado de Ingeniería Informática de la Facultad de Informática de Barcelona (FIB). Nace de la voluntad del Institut Municipal d’Informàtica (IMI) de impulsar una gestión de proyectos más flexible y orientada al valor sin renunciar al rigor y a la trazabilidad propios de la administración pública. Tras un análisis crítico de las metodologías, marcos de trabajo y frameworks existentes, se ha diseñado un nuevo marco híbrido: Híbrid@IMI que fusiona sus puntos fuertes con las mejores prácticas internacionales. Como parte práctica se ha implantado Nura Bot, un chatbot web basado en IA generativa que responde consultas sobre la gestión de proyectos con guías y documentos actualizables. La herramienta incorpora roles para restringir funcionalidades privilegiadas como la creación de proyectos o la gestión de usuarios y almacena las interacciones con su contexto. Nura Bot facilita así la adopción del nuevo marco. El documento incluye, además, una planificación temporal detallada con cronograma y hitos, un presupuesto desglosado que justifica costes directos e indirectos, el análisis de las desviaciones producidas durante el desarrollo, el diseño conceptual y la arquitectura lógica tanto del chatbot como de la infraestructura, así como la gestión de riesgos, la garantía de calidad y el cumplimiento normativo.</subfield>
   </datafield>
   <datafield tag="653" ind2=" " ind1=" ">
      <subfield code="a">Àrees temàtiques de la UPC::Informàtica::Intel·ligència artificial</subfield>
   </datafield>
   <datafield tag="653" ind2=" " ind1=" ">
      <subfield code="a">Chatbots</subfield>
   </datafield>
   <datafield tag="653" ind2=" " ind1=" ">
      <subfield code="a">Project management</subfield>
   </datafield>
   <datafield tag="653" ind2=" " ind1=" ">
      <subfield code="a">Artificial intelligence</subfield>
   </datafield>
   <datafield tag="653" ind2=" " ind1=" ">
      <subfield code="a">Gestió híbrida de projectes</subfield>
   </datafield>
   <datafield tag="653" ind2=" " ind1=" ">
      <subfield code="a">Marc de treball</subfield>
   </datafield>
   <datafield tag="653" ind2=" " ind1=" ">
      <subfield code="a">Metodologies àgils</subfield>
   </datafield>
   <datafield tag="653" ind2=" " ind1=" ">
      <subfield code="a">Administració pública</subfield>
   </datafield>
   <datafield tag="653" ind2=" " ind1=" ">
      <subfield code="a">Planificació i costos</subfield>
   </datafield>
   <datafield tag="653" ind2=" " ind1=" ">
      <subfield code="a">Governança i qualitat</subfield>
   </datafield>
   <datafield tag="653" ind2=" " ind1=" ">
      <subfield code="a">Gestió de riscos</subfield>
   </datafield>
   <datafield tag="653" ind2=" " ind1=" ">
      <subfield code="a">Intel·ligència artificial generativa</subfield>
   </datafield>
   <datafield tag="653" ind2=" " ind1=" ">
      <subfield code="a">Xatbot</subfield>
   </datafield>
   <datafield tag="653" ind2=" " ind1=" ">
      <subfield code="a">Hybrid project management</subfield>
   </datafield>
   <datafield tag="653" ind2=" " ind1=" ">
      <subfield code="a">Framework</subfield>
   </datafield>
   <datafield tag="653" ind2=" " ind1=" ">
      <subfield code="a">Agile methodologies</subfield>
   </datafield>
   <datafield tag="653" ind2=" " ind1=" ">
      <subfield code="a">Public administration</subfield>
   </datafield>
   <datafield tag="653" ind2=" " ind1=" ">
      <subfield code="a">Planning and costing</subfield>
   </datafield>
   <datafield tag="653" ind2=" " ind1=" ">
      <subfield code="a">Governance and quality assurance</subfield>
   </datafield>
   <datafield tag="653" ind2=" " ind1=" ">
      <subfield code="a">Risk management</subfield>
   </datafield>
   <datafield tag="653" ind2=" " ind1=" ">
      <subfield code="a">Generative artificial intelligence</subfield>
   </datafield>
   <datafield tag="653" ind2=" " ind1=" ">
      <subfield code="a">Chatbot</subfield>
   </datafield>
   <datafield tag="653" ind2=" " ind1=" ">
      <subfield code="a">Assistent de veu</subfield>
   </datafield>
   <datafield tag="653" ind2=" " ind1=" ">
      <subfield code="a">Gestió de projectes</subfield>
   </datafield>
   <datafield tag="653" ind2=" " ind1=" ">
      <subfield code="a">Intel·ligència artificial</subfield>
   </datafield>
   <datafield ind2="0" ind1="0" tag="245">
      <subfield code="a">Creació d'un marc híbrid per a la gestió de projectes: integració de metodologies àgils i tradicionals amb el suport d'un xatbot</subfield>
   </datafield>
</record></metadata></record></GetRecord></OAI-PMH>